000 00705aas a2200205 4500
999 _c2847
_d2847
003 BR-BrBNA
005 20230317233622.0
007 ta
008 230119b bl ||||| |||| 00| 0 por d
035 _a000485-5
040 _aBR-BrBNA
_bPor
_cBR-BrBNA
044 _abl
245 _aEMATER-Rio Informe (Brazil)
260 _aNiterói-RJ
_bEmpresa de Assistência Técnica e Extensão Rural do Estado do Rio de Janeiro
_c1980. Data final de publicação em 1988
_eBRJ
270 _aAlameda São Boa Aventura, 998 - Fonseca - 24120-000
310 _airregular
505 _a1980 1(1-3); 1981 1(4-6,8-12); 1982 2(13-14,16-24); 1983-84 3-5(25-34); 1986-88 6-8(35-39);
909 _a56
_bSergio Santos
_c56
_dSergio Santos
942 _cCR
_2AGRIS